00788nam a2200157 4500999001700000082001200017100008200029245009800111260008200209300001500291500005500306536004600361650007900407942001200486952013200498 c38550d38550 aRR.0355 aRout, Gyanendra Kumar uGovernment Degree CollegevPauri Garhwal, Uttarakhand aProfessional Development of Teachers of Higher Education in Uttrakhand/cGyanendra Kumar Rout aPauri Garhwal, Uttarakhand:bIndian Council of Social Science Research,c2017 axiv, 131p. aIncluded Bibliographical References and Appendices aIndian Council of Social Science Research aHigher educationaTeachersaProfessional educationxEducationzUttarakhand 2ddccRP 001040718MRPaNASSDOCbNASSDOCd2023-07-05eResearch Report Divisionl0oRR.0355p53821r2023-07-05 00:00:00w2023-07-05yRP